Guess the .COM Websites Quiz Stats

 Plays Quiz Updated Apr 1, 2016

Challenge
Share
Tweet
Embed
Score 0/40 Timer 08:00
0 Plays Today
Website Description Website % Correct
Enables users to search the world's information, including webpages, images, and videosGoogle.com
99.3%
International person to person auction site, with products sorted into categorieseBay.com
82.1%
An online pinboard where users can post collections of things they love, and follow collections created by other usersPinterest.com
74.4%
Social networking and microblogging service utilising instant messaging and SMSTwitter.com
73.5%
Sports news network. Includes broadcast schedule, game scores and resultsESPN.go.com
73.3%
Online payment service for individuals and merchants. Allows users to send money and bills to anyone with e-mailPayPal.com
69.5%
Search engine developed by Microsoft. Features web, image, video, local, news, and product searchBing.com
68.6%
Forecasts worldwide, Doppler radar and satellite maps and weather newsWeather.com
66.4%
Flat monthly fee video streaming TV and movies serviceNetflix.com
60.5%
Features plot summaries, reviews, cast lists, and theatre schedulesIMDB.com
59.2%
Thousands of free online trivia quizzes about geography, movies, television, science and moreSporcle.com
54.5%
Ad-supported streaming television shows and movies, including some in high definitionHulu.com
53.2%
A networking tool to find connections to recommended job candidates, industry experts and business partnersLinkedIn.com
51.2%
Music discovery service. Users create custom streaming audio stations based on music tastesPandora.com
46.7%
Peer to peer internet voice & 'video' serviceSkype.com
44.7%
Job search, resume management, advice from career expertsMonster.com
44.4%
Domain registrations and hosting servicesGoDaddy.com
42.3%
A veritable cornucopia of streetwise lingo, posted and defined by its readersUrbanDictionary.com
39.8%
Concerts, Broadway plays, and sports events tickets available for online purchaseTicketmaster.com
39.3%
Compare prices, shop for a vacation or cruise, reserve an hotel room or rent a carExpedia.com
38.6%
Website Description Website % Correct
Sells a variety of name brand overproduced and discontinued itemsOverstock.com
36.3%
United States national daily newspaperUSAtoday.com
33.7%
Picture galleries available with chat, groups, and photo ratingsFlickr.com
32.2%
Free, automated weblog publishing tool that sends updates to a site via FTPBlogger.com
29%
Features the consensus opinion of professional film criticsRottenTomatoes.com
28.6%
Find showtimes for any movie in any theater in the US and purchase tickets onlineFandango.com
28.5%
Personal ads with photos, anonymous email, advice and date ideasMatch.com
28%
Research accurate retail or trade-in values for used cars and dealer invoice and MSRP for new carsKBB.com
21.9%
Provides concise how-to articles written by professionals and users covering a broad range of topicseHow.com
19.5%
Reviews, news, and prices on tech products, as well as free downloads and newslettersCNET.com
17.9%
Members share their favorite recommendationsYelp.com
16.7%
Developers of software solutions for graphic designers and professional publishersAdobe.com
15.3%
Thousands of recipes submitted by home cooksAllrecipes.com
12.6%
Information on hotels, resorts and packages with reviews from travellers with star ratingsTripAdvisor.com
11.7%
Online version of the print magazine includes entertainment news, interviews, reviews of music, film, TV and booksEW.com
11.4%
Subscription based resource of worldwide census, marriage, newspaper and various other recordsAncestry.com
11.3%
Features decision guides, reviews and photo ads of new and used vehicles available for saleAutoTrader.com
11%
Includes FAQs, walkthroughs, message boards, and codes for all console and computer platformsGameFAQs.com
7.9%
A leading comedy site featuring humor pieces, videos, comics and blogsCRACKED.com
7%
Search for a new home or find mortgage rates, real estate agents, and relocation servicesRealtor.com
6.2%

You're not logged in!

Compare scores with friends on all Sporcle quizzes.
Join for Free
OR
Log In

You Might Also Like...

Show Comments

Extras

Top Quizzes Today


Score Distribution

Your Account Isn't Verified!

In order to create a playlist on Sporcle, you need to verify the email address you used during registration. Go to your Sporcle Settings to finish the process.

Report this User

Report this user for behavior that violates our Community Guidelines.

Details: